[Event "SF Heilbronn-Biberach-TuRa Harksheide"]
[Site "?"]
[Date "2010.12.30"]
[Round "7.1"]
[White "Polert, Annika"]
[Black "Weber, Sandra"]
[Result "1-0"]
[WhiteElo "1762"]
[BlackElo "1575"]
[PlyCount "93"]
[EventDate "2010.??.??"]
[WhiteTeam "TuRa Harksheide"]
[BlackTeam "SF Heilbronn-Biberach"]

1. c4 Nf6 2. g3 g6 3. Bg2 Bg7 4. Nc3 c6 5. e4 e5 6. Nge2 d6 7. d3 Nbd7 8. O-O
Nc5 9. h3 Ne6 10. Be3 Bd7 11. Kh2 Nh5 12. d4 exd4 13. Nxd4 Nxd4 14. Bxd4 Be6
15. Bxg7 Nxg7 16. Qd4 O-O 17. Rad1 Qe7 18. b3 Rfd8 19. Rd2 a6 20. Rfd1 b5 21.
cxb5 axb5 22. Qb4 Ne8 23. e5 Ra6 24. exd6 Qd7 25. Ne4 Qc8 26. Nc5 Ra7 27. Qf4
Bd7 28. Re1 Ng7 29. h4 Ne6 30. Nxe6 Bxe6 31. Qe3 Ra6 32. Qc5 Qb7 33. Qg5 Qa8
34. Qf6 Rd7 35. Bh3 Bxh3 36. Kxh3 Qc8 37. Kh2 c5 38. Re7 Rxe7 39. dxe7 Rxf6 40.
Rd8+ Qxd8 41. exd8=Q+ Kg7 42. Kg2 Ra6 43. Qd5 Rxa2 44. Qxc5 h5 45. Qxb5 Rd2 46.
b4 Kf6 47. Qg5+ 1-0

[Event "SF Heilbronn-Biberach-TuRa Harksheide"]
[Site "?"]
[Date "2010.12.30"]
[Round "7.2"]
[White "Triantafillidis, Zoe"]
[Black "Diederichs, Luise"]
[Result "0-1"]
[WhiteElo "1278"]
[BlackElo "1678"]
[PlyCount "88"]
[EventDate "2010.??.??"]
[WhiteTeam "SF Heilbronn-Biberach"]
[BlackTeam "TuRa Harksheide"]

1. e4 e6 2. d4 d5 3. Nd2 dxe4 4. Nxe4 Nd7 5. Nf3 Ngf6 6. Bg5 Be7 7. Nxf6+ Nxf6
8. Bd3 a6 9. O-O O-O 10. c3 b6 11. Re1 Bb7 12. Qe2 Qd6 13. Bxf6 Bxf6 14. Be4
Bxe4 15. Qxe4 Rfd8 16. h3 Qd5 17. a3 Qxe4 18. Rxe4 Rd5 19. Rae1 Rad8 20. Ne5
Bxe5 21. Rxe5 Kf8 22. Kf1 c6 23. R1e3 Ke7 24. g4 h6 25. f4 Rxe5 26. Rxe5 Rd5
27. Ke2 g6 28. h4 Kd6 29. Rxd5+ exd5 30. b3 Ke6 31. Ke3 h5 32. gxh5 gxh5 33. c4
Kf5 34. Kf3 a5 35. cxd5 cxd5 36. b4 axb4 37. axb4 b5 38. Ke3 Kg4 39. f5 Kxf5
40. Kf3 f6 41. Kg3 Ke4 42. Kf2 Kxd4 43. Kf3 Kc3 44. Kf4 d4 0-1

[Event "SF Heilbronn-Biberach-TuRa Harksheide"]
[Site "?"]
[Date "2010.12.30"]
[Round "7.3"]
[White "Zimmermann, Jasmin"]
[Black "Triantafillidis, Katherina"]
[Result "1-0"]
[WhiteElo "1534"]
[BlackElo "1239"]
[PlyCount "69"]
[EventDate "2010.??.??"]
[WhiteTeam "TuRa Harksheide"]
[BlackTeam "SF Heilbronn-Biberach"]

1. e4 e5 2. Nf3 Nc6 3. Bb5 Nf6 4. O-O d6 5. Re1 Bd7 6. c3 Ne7 7. Qb3 h6 8. Bc4
Be6 9. Bxe6 fxe6 10. Qxe6 Qd7 11. Qxd7+ Nxd7 12. d4 exd4 13. cxd4 O-O-O 14. Nc3
Nc6 15. a3 Nf6 16. d5 Ne7 17. b4 g5 18. Bb2 Bg7 19. Rac1 Kb8 20. Nb5 Rc8 21.
Nbd4 Rhg8 22. Ne6 Bh8 23. Rc2 Ne8 24. Bxh8 Rxh8 25. Rec1 Ng6 26. h3 Nf8 27.
Nfd4 a6 28. a4 Nxe6 29. Nxe6 Rh7 30. b5 axb5 31. axb5 Re7 32. Ra2 Ng7 33. Rca1
b6 34. Ra8+ Kb7 35. R1a7# 1-0

[Event "Chemnitzer SC Aufbau`95-SC Diogenes"]
[Site "?"]
[Date "2010.12.30"]
[Round "7.1"]
[White "Lemke, Berfîn"]
[Black "Hartewig, Anja"]
[Result "1-0"]
[WhiteElo "1509"]
[BlackElo "1404"]
[PlyCount "65"]
[EventDate "2010.??.??"]
[WhiteTeam "SC Diogenes"]
[BlackTeam "Chemnitzer SC Aufbau`95"]

1. e4 d6 2. d4 Nf6 3. Nc3 g6 4. f4 Bg7 5. Nf3 c5 6. d5 O-O 7. Bd3 a6 8. O-O b5
9. a3 Qb6 10. Kh1 Bg4 11. Qe1 c4 12. Be2 Nbd7 13. Ng5 Bxe2 14. Qxe2 h6 15. Nf3
Qc7 16. Qf2 Nc5 17. Qh4 Ncxe4 18. Nxe4 Nxe4 19. f5 Nf6 20. Bxh6 e6 21. Bxg7
Kxg7 22. dxe6 Rh8 23. Qd4 fxe6 24. fxe6 Rae8 25. Ng5 Rhf8 26. Rf3 Qe7 27. Raf1
d5 28. Rh3 Rh8 29. Rh7+ Rxh7 30. Nxh7 Kxh7 31. Rxf6 Qd6 32. Rf7+ Kh6 33. Qh4#
1-0

[Event "Chemnitzer SC Aufbau`95-SC Diogenes"]
[Site "?"]
[Date "2010.12.30"]
[Round "7.2"]
[White "Nitzsche, Pia"]
[Black "Hölzer, Jeanette"]
[Result "1-0"]
[WhiteElo "1522"]
[BlackElo "1286"]
[PlyCount "125"]
[EventDate "2010.??.??"]
[WhiteTeam "Chemnitzer SC Aufbau`95"]
[BlackTeam "SC Diogenes"]

1. e4 e5 2. Nf3 Nc6 3. Bc4 Bc5 4. b4 Bxb4 5. c3 Ba5 6. d4 exd4 7. O-O Nge7 8.
cxd4 d5 9. exd5 Nxd5 10. Qb3 Be6 11. Ba3 Bb6 12. Qa4 Qd7 13. Bxd5 Qxd5 14. Nc3
Qa5 15. Qxa5 Nxa5 16. d5 Bf5 17. Rfe1+ Kd8 18. Ne5 Bg6 19. d6 cxd6 20. Bxd6 Nc6
21. Rad1 Kc8 22. Nd5 Bd8 23. Rc1 Re8 24. Re3 f6 25. Nxc6 bxc6 26. Rxc6+ Kd7 27.
Ra6 Rxe3 28. Nxe3 Bd3 29. Ra3 Kxd6 30. Rxd3+ Ke6 31. g3 Bb6 32. Nc4 Bc5 33. Rb3
Kf5 34. Rb5 Kg6 35. Rxc5 Re8 36. Ra5 Rc8 37. Nd6 Rc7 38. Ra6 Kh5 39. Kg2 Kg6
40. h4 h5 41. a4 Rc2 42. Rxa7 Ra2 43. a5 Kh7 44. a6 Kg6 45. Ra8 Ra4 46. a7 Ra5
47. Nc8 Kh7 48. Rb8 Rxa7 49. Nxa7 f5 50. Rb6 Kg8 51. Nc6 Kf8 52. Nd4 Kg8 53.
Nxf5 Kf8 54. Rg6 Kf7 55. Rxg7+ Ke6 56. Rg5 Ke5 57. Rxh5 Kd5 58. Kf3 Kc4 59. Ke4
Kc5 60. Rh8 Kc6 61. Rd8 Kc7 62. Rd1 Kc6 63. Ke5 1-0

[Event "Chemnitzer SC Aufbau`95-SC Diogenes"]
[Site "?"]
[Date "2010.12.30"]
[Round "7.3"]
[White "Roth, Mona"]
[Black "Kempe, Anne"]
[Result "0-1"]
[WhiteElo "1099"]
[BlackElo "1391"]
[PlyCount "114"]
[EventDate "2010.??.??"]
[WhiteTeam "SC Diogenes"]
[BlackTeam "Chemnitzer SC Aufbau`95"]

1. e4 c5 2. Nf3 Nc6 3. d4 cxd4 4. Nxd4 Nf6 5. Nc3 d6 6. f3 Qb6 7. Bb5 Bd7 8.
Be3 a6 9. Na4 Qa5+ 10. Bd2 Qc7 11. Bxc6 Bxc6 12. Nxc6 Qxc6 13. Nc3 e6 14. Be3
Be7 15. Qd2 O-O 16. O-O-O b5 17. g4 Nd7 18. Qd4 Rac8 19. h4 a5 20. Rd2 Ne5 21.
Rh3 Nc4 22. Re2 Nxe3 23. Qxe3 Bf6 24. f4 Bxc3 25. Qxc3 Qxc3 26. Rxc3 Rxc3 27.
bxc3 Rc8 28. Kb2 Kf8 29. Kb3 Ke7 30. a4 bxa4+ 31. Kxa4 Rxc3 32. Kxa5 Rh3 33. h5
Rg3 34. g5 Rh3 35. g6 Rxh5+ 36. Kb4 fxg6 37. c4 Rh4 38. Rf2 h5 39. Kb5 Rg4 40.
Rf3 g5 41. e5 Rxf4 42. exd6+ Kxd6 43. c5+ Kc7 44. Rd3 Rf6 45. Rd4 e5 46. Rd5
Re6 47. Rd2 e4 48. Rf2 Rf6 49. Rd2 Rf4 50. Ra2 Kb8 51. c6 Rf7 52. Rc2 Kc7 53.
Rd2 Rf5+ 54. Kc4 Kxc6 55. Kd4 Rd5+ 56. Ke3 Rxd2 57. Kxd2 Kd5 0-1

[Event "Chemnitzer SC Aufbau`95-SC Diogenes"]
[Site "?"]
[Date "2010.12.30"]
[Round "7.4"]
[White "Nobis, Anna"]
[Black "Nöldemann, Celine"]
[Result "1-0"]
[WhiteElo "1397"]
[BlackElo "899"]
[PlyCount "67"]
[EventDate "2010.??.??"]
[WhiteTeam "Chemnitzer SC Aufbau`95"]
[BlackTeam "SC Diogenes"]

1. e4 e5 2. Nf3 Nc6 3. Bc4 Bc5 4. d3 Nf6 5. c3 O-O 6. O-O Bb6 7. Re1 d6 8. Nbd2
Be6 9. Bb3 Bxb3 10. axb3 Ng4 11. Re2 Nxf2 12. Rxf2 Bxf2+ 13. Kxf2 f5 14. Kg1
fxe4 15. Nxe4 d5 16. Neg5 d4 17. Ne6 Qd5 18. Nxf8 Rxf8 19. c4 Qe6 20. Qe1 a6
21. Qg3 Qf5 22. Bh6 Qf6 23. Bg5 Qg6 24. Nxe5 Nxe5 25. Qxe5 Re8 26. Qd5+ Kh8 27.
Rf1 h6 28. Bh4 Qxd3 29. Qxb7 Qe3+ 30. Bf2 Qd2 31. Qxc7 d3 32. Bd4 Rg8 33. Qd6
Qe2 34. Qxh6# 1-0

[Event "SG Oesede-Georgsmarienhütte-SV Lingen"]
[Site "?"]
[Date "2010.12.30"]
[Round "7.2"]
[White "Böhm, Jana"]
[Black "Thole, Ann-Christin"]
[Result "1-0"]
[WhiteElo "1442"]
[BlackElo "1288"]
[PlyCount "83"]
[EventDate "2010.??.??"]
[WhiteTeam "SG Oesede-Georgsmarienhütte"]
[BlackTeam "SV Lingen"]

1. e4 d5 2. exd5 Qxd5 3. Nc3 Qa5 4. d4 Nf6 5. Nf3 c6 6. Bd2 Qc7 7. Bc4 Bg4 8.
h3 Bh5 9. g4 Bg6 10. Ne5 Nbd7 11. Nxg6 hxg6 12. Qe2 O-O-O 13. Bxf7 e5 14. dxe5
Nxe5 15. Be6+ Kb8 16. f4 Ned7 17. Bxd7 Qxd7 18. O-O-O Bc5 19. Be3 Qe7 20. Bxc5
Qxc5 21. Rxd8+ Rxd8 22. Re1 Nd5 23. Qe5+ Kc8 24. Nxd5 Qxd5 25. Qxd5 Rxd5 26.
Re6 g5 27. f5 Kd7 28. Rg6 Ke8 29. Rxg7 Rd7 30. Rxg5 Rh7 31. Rg8+ Kf7 32. Rb8
Kf6 33. Rf8+ Kg5 34. Rg8+ Kf4 35. f6 Ke5 36. g5 Ke6 37. g6 Rxh3 38. f7 Rh1+ 39.
Kd2 Rh2+ 40. Ke3 Rh3+ 41. Kf4 Rh4+ 42. Kg3 1-0

[Event "SG Oesede-Georgsmarienhütte-SV Lingen"]
[Site "?"]
[Date "2010.12.30"]
[Round "7.3"]
[White "Schlichter, Lisa"]
[Black "Hinzke, Anna-Lena"]
[Result "1/2-1/2"]
[WhiteElo "1007"]
[BlackElo "1068"]
[PlyCount "54"]
[EventDate "2010.??.??"]
[WhiteTeam "SV Lingen"]
[BlackTeam "SG Oesede-Georgsmarienhütte"]

1. e4 {[%emt 0:00:00]} e6 2. d4 d5 3. e5 c5 4. c3 Nc6 5. Nf3 Qb6 6. Be2 Bd7 7.
O-O Nh6 8. b3 Be7 9. Be3 Nf5 10. Qd3 O-O 11. Rd1 Rad8 12. Nbd2 cxd4 13. cxd4
Nb4 14. Qb1 Rc8 15. Rc1 f6 16. Nf1 h6 17. Qb2 g5 18. Ne1 Bb5 19. Bxb5 Qxb5 20.
Qd2 Nc6 21. exf6 Bxf6 22. Nc2 Qb6 23. Rd1 Kf7 24. h3 Rh8 25. Nh2 Rcg8 26. g3 h5
27. Kg2 g4 1/2-1/2

[Event "SG Oesede-Georgsmarienhütte-SV Lingen"]
[Site "?"]
[Date "2010.12.30"]
[Round "7.4"]
[White "Wang, Yanru"]
[Black "Möller, Hannah"]
[Result "0-1"]
[WhiteElo "989"]
[BlackElo "954"]
[PlyCount "66"]
[EventDate "2010.??.??"]
[WhiteTeam "SG Oesede-Georgsmarienhütte"]
[BlackTeam "SV Lingen"]

1. e4 e5 2. Nf3 Nc6 3. Bb5 Nf6 4. Nc3 a6 5. Bxc6 bxc6 6. O-O Bd6 7. d3 O-O 8.
Bg5 Re8 9. Qd2 Bc5 10. Rad1 d6 11. h3 d5 12. exd5 cxd5 13. Bxf6 gxf6 14. Qh6
Kh8 15. g4 Be7 16. Kg2 Bb7 17. Rg1 f5 18. Nxe5 d4+ 19. Kf1 Bd5 20. Nxd5 Qxd5
21. Nc6 Bf8 22. c4 dxc3 23. Qf6+ Bg7 24. Qxf5 Qxc6 25. bxc3 Qxc3 26. Qxf7 Rf8
27. Qe6 Qf6 28. Qe3 Bh6 29. Qg3 Bf4 30. Qg2 Be3 31. Ke2 Bxf2 32. Rgf1 Rae8+ 33.
Kd2 Qb2# 0-1

[Event "SG Burgtonna-SV Welper 1922"]
[Site "?"]
[Date "2010.12.30"]
[Round "7.2"]
[White "Gast, Antonia"]
[Black "Hütte, Sarah"]
[Result "1-0"]
[WhiteElo "1381"]
[BlackElo "889"]
[PlyCount "61"]
[EventDate "2010.??.??"]
[WhiteTeam "SG Burgtonna"]
[BlackTeam "SV Welper 1922"]

1. c4 g6 2. Nc3 Bg7 3. e4 d6 4. g3 e5 5. Bg2 Ne7 6. Nge2 Bg4 7. h3 Bxe2 8. Qxe2
O-O 9. O-O Nd7 10. d3 Rb8 11. Rb1 a6 12. a4 Nc6 13. Be3 Qf6 14. Nd5 Qd8 15. Qd2
b5 16. axb5 axb5 17. b3 bxc4 18. bxc4 Qc8 19. Kh2 Kh8 20. Rxb8 Qxb8 21. f4 Qb7
22. f5 f6 23. fxg6 hxg6 24. Bh6 Qc8 25. Bxg7+ Kxg7 26. h4 Rh8 27. Bh3 Qd8 28.
Bxd7 Qxd7 29. Rxf6 Rh5 30. Rf2 Nb4 31. Nf6 1-0

[Event "SG Burgtonna-SV Welper 1922"]
[Site "?"]
[Date "2010.12.30"]
[Round "7.3"]
[White "Marx, Jasmin"]
[Black "Halle, Julia"]
[Result "0-1"]
[WhiteElo "1136"]
[BlackElo "1152"]
[PlyCount "142"]
[EventDate "2010.??.??"]
[WhiteTeam "SV Welper 1922"]
[BlackTeam "SG Burgtonna"]

1. d4 {[%emt 0:00:00]} d6 2. Nf3 g6 3. c3 Bg7 4. e4 Nd7 5. Be3 e5 6. Nbd2 Ngf6
7. h3 Qe7 8. Bd3 b6 9. O-O O-O 10. Nh2 Bb7 11. Ng4 Qe8 12. f4 exd4 13. cxd4
Nxe4 14. Nxe4 Bxe4 15. Bxe4 Qxe4 16. Qd2 f5 17. Nf2 Qe7 18. Qd3 Kh8 19. Rac1 c5
20. dxc5 dxc5 21. b3 Nf6 22. Nd1 Qd7 23. Qxd7 Nxd7 24. Bf2 Rae8 25. Re1 Rxe1+
26. Bxe1 Kg8 27. Kf2 Kf7 28. Rc2 Re8 29. Rd2 Nf6 30. Nc3 Ne4+ 31. Nxe4 Rxe4 32.
g3 Ke6 33. Re2 Rxe2+ 34. Kxe2 Kd5 35. Kd3 b5 36. g4 c4+ 37. bxc4+ bxc4+ 38. Kc2
Ke4 39. Bd2 c3 40. Bc1 Kf3 41. g5 Kg3 42. Be3 a6 43. Kd3 Kxh3 44. Kc4 Kg3 45.
Kc5 c2 46. Bc1 Kf3 47. Kc4 Ke2 48. a4 Bf8 49. Kd5 Bb4 50. Kc6 Bd2 51. Bb2 Ke3
52. Kb6 Kxf4 53. Kxa6 Kg3 54. Kb5 f4 55. a5 Bxa5 56. Kxa5 f3 57. Be5+ Kg2 58.
Bb2 f2 59. Kb6 f1=Q 60. Kc5 Qd3 61. Kc6 Kf3 62. Kc5 Ke4 63. Kc6 Qd5+ 64. Kb6
Kf5 65. Kc7 Ke6 66. Ba3 c1=R+ 67. Bxc1 Qd6+ 68. Kb7 Kd7 69. Ka7 Kc8 70. Bf4 Qc6
71. Bb8 Qb7# 0-1

[Event "USG Chemnitz-SAV Torgelow"]
[Site "?"]
[Date "2010.12.30"]
[Round "7.1"]
[White "Wulf, Constanze"]
[Black "Oltmanns, Bianca"]
[Result "0-1"]
[WhiteElo "1238"]
[BlackElo "1475"]
[PlyCount "134"]
[EventDate "2010.??.??"]
[WhiteTeam "SAV Torgelow"]
[BlackTeam "USG Chemnitz"]

1. d4 f5 2. g3 Nf6 3. Bg2 e6 4. Nf3 Be7 5. c4 O-O 6. O-O d6 7. Nc3 Nc6 8. Bf4
Qe8 9. Qc2 Bd8 10. e4 fxe4 11. Nxe4 e5 12. dxe5 Nxe5 13. Nxe5 dxe5 14. Bd2 Kh8
15. Qb3 c6 16. Bc3 Bc7 17. Rfe1 Ng4 18. h3 Nf6 19. Nd2 Qh5 20. h4 Qf5 21. Re2
Ng4 22. Rf1 Bb6 23. Ne4 Qg6 24. Be1 Nh6 25. Qc3 Bd4 26. Qd2 Bg4 27. Kh1 Bxe2
28. Qxe2 Qg4 29. Qc2 Nf5 30. b3 h6 31. Qd2 Rf7 32. Kg1 Raf8 33. Kh2 a6 34. a3
Rd7 35. Qc1 Nd6 36. Nxd6 Rxd6 37. Qc2 Rdf6 38. Qd2 Qf5 39. Kg1 c5 40. b4 R6f7
41. Bd5 Rd7 42. Qe2 Qh3 43. g4 Qxh4 44. Kg2 Qf6 45. Bf3 Re7 46. Be4 b6 47. bxc5
Bxc5 48. a4 Bd4 49. Bb4 Bc5 50. Bc3 Ref7 51. f3 Qd6 52. Bd5 Re7 53. Qd1 Bb4 54.
Bb2 Qc5 55. Qc2 Qd6 56. Rf2 Rb8 57. Qd3 Rd7 58. Qe4 Re7 59. Qd3 Rf8 60. Re2 Bc5
61. Qe4 Rf4 62. Qc2 b5 63. cxb5 axb5 64. axb5 Re4 65. Qxe4 Qf6 66. Kg3 Bd6 67.
Qc4 e4+ 0-1

[Event "USG Chemnitz-SAV Torgelow"]
[Site "?"]
[Date "2010.12.30"]
[Round "7.2"]
[White "Münzner, Rebecca"]
[Black "Schünemann, Anne"]
[Result "1-0"]
[WhiteElo "1187"]
[BlackElo "1068"]
[PlyCount "109"]
[EventDate "2010.??.??"]
[WhiteTeam "USG Chemnitz"]
[BlackTeam "SAV Torgelow"]

1. d4 d5 2. c4 c6 3. e3 Nf6 4. Nc3 e6 5. Nf3 Nbd7 6. Bd3 Bd6 7. cxd5 exd5 8.
O-O O-O 9. Bd2 Re8 10. Be2 a6 11. Rc1 Ne4 12. Bd3 Ndf6 13. Be1 Bg4 14. Be2 Rc8
15. Nd2 Bxe2 16. Qxe2 Nxd2 17. Bxd2 Ne4 18. Nxe4 Rxe4 19. f4 Qf6 20. Qf3 Rce8
21. Rfe1 Kh8 22. g3 g5 23. Qf2 gxf4 24. gxf4 Rg8+ 25. Kf1 Qh6 26. Re2 Re6 27.
Ke1 Reg6 28. Kd1 Qh5 29. e4 dxe4 30. d5 Qxd5 31. Qe3 a5 32. Qxe4 Rg1+ 33. Kc2
Qxa2 34. Bc3+ f6 35. Bxf6+ R1g7 36. Bxg7+ Rxg7 37. Qd4 Bf8 38. Rg1 c5 39. Qxg7+
Bxg7 40. Re8+ Qg8 41. Rxg8+ Kxg8 42. f5 Kf7 43. Rf1 Bf6 44. Rd1 Ke7 45. b3 h6
46. h3 b6 47. Rd5 Bg5 48. Kd3 Bf4 49. Kc4 Bc7 50. h4 h5 51. Kb5 Bg3 52. f6+
Kxf6 53. Rxh5 Kg6 54. Rg5+ Kf6 55. Rxg3 1-0

[Event "USG Chemnitz-SAV Torgelow"]
[Site "?"]
[Date "2010.12.30"]
[Round "7.4"]
[White "Jentzsch, Juliane"]
[Black "Rais, Vanessa"]
[Result "1-0"]
[WhiteElo "1091"]
[BlackElo "881"]
[PlyCount "63"]
[EventDate "2010.??.??"]
[WhiteTeam "USG Chemnitz"]
[BlackTeam "SAV Torgelow"]

1. c4 e6 2. Nc3 d5 3. cxd5 exd5 4. Nf3 Nf6 5. g3 Nbd7 6. Bg2 c6 7. O-O Be7 8.
d4 O-O 9. Bf4 Re8 10. Re1 Nf8 11. a3 N6d7 12. b4 a6 13. Qb3 b5 14. a4 Bf6 15.
a5 Bb7 16. e4 dxe4 17. Nxe4 Ne6 18. Nd6 Re7 19. Nxb7 Qc8 20. Nd6 Qd8 21. Nf5
Re8 22. Rad1 g6 23. Nd6 Re7 24. Ne4 Bg7 25. Neg5 Ndf8 26. d5 cxd5 27. Qxd5 Qxd5
28. Rxd5 Rae8 29. Rdd1 h6 30. Nxe6 fxe6 31. Bd6 Rf7 32. Ne5 {ZÜ} 1-0

[Event "SK Freiburg-Zähringen 1887 e.V.-SC Bechh"]
[Site "?"]
[Date "2010.12.30"]
[Round "7.1"]
[White "Siegl, Melina"]
[Black "Bajorski, Maria Sophie"]
[Result "1-0"]
[WhiteElo "1483"]
[BlackElo "1357"]
[PlyCount "87"]
[EventDate "2010.??.??"]
[WhiteTeam "SC Bechhofen"]
[BlackTeam "SK Freiburg-Zähringen 1887 e.V."]

1. e4 {[%emt 0:00:00]} e5 2. Nf3 Nc6 3. Bc4 Nf6 4. Ng5 d5 5. exd5 Na5 6. Bb5+
c6 7. dxc6 bxc6 8. Qf3 Bb7 9. Bd3 Be7 10. Nc3 O-O 11. O-O c5 12. Qe2 Nc6 13. b3
h6 14. Nge4 Nd4 15. Nxf6+ Bxf6 16. Qg4 Re8 17. Bb2 Rc8 18. Rfe1 Bh4 19. Ne2 Qf6
20. Ng3 Bxg3 21. Qxg3 e4 22. Bb5 Re7 23. Rac1 Qb6 24. Bc4 Qc7 25. Qg4 Re5 26.
h4 Rd8 27. d3 Rde8 28. Qf4 Qe7 29. c3 exd3 30. Rxe5 Ne2+ 31. Rxe2 dxe2 32. Re1
Rd8 33. Rxe2 Rd1+ 34. Kh2 Qd7 35. Ba3 Qc6 36. Bxf7+ Kh8 37. Re8+ Kh7 38. Qf5+
g6 39. Bxg6+ Qxg6 40. Re7+ Kh8 41. Qxg6 Rh1+ 42. Kxh1 Bxg2+ 43. Kxg2 h5 44.
Qg7# 1-0

[Event "SK Freiburg-Zähringen 1887 e.V.-SC Bechh"]
[Site "?"]
[Date "2010.12.30"]
[Round "7.2"]
[White "Hund, Sarah"]
[Black "Alsheimer, Lea"]
[Result "0-1"]
[WhiteElo "1270"]
[BlackElo "1034"]
[PlyCount "26"]
[EventDate "2010.??.??"]
[WhiteTeam "SK Freiburg-Zähringen 1887 e.V."]
[BlackTeam "SC Bechhofen"]

1. e4 c5 2. Nf3 Nc6 3. d4 cxd4 4. Nxd4 Nf6 5. Nc3 e5 6. Nxc6 bxc6 7. Bc4 Bb7 8.
a3 d5 9. exd5 cxd5 10. Bb5+ Ke7 11. O-O d4 12. Ne2 Qd5 13. Ba4 Qxg2# 0-1

[Event "SK Freiburg-Zähringen 1887 e.V.-SC Bechh"]
[Site "?"]
[Date "2010.12.30"]
[Round "7.3"]
[White "Böse, Carolin"]
[Black "Krißmer, Maria"]
[Result "1-0"]
[WhiteElo "753"]
[BlackElo "800"]
[PlyCount "117"]
[EventDate "2010.??.??"]
[WhiteTeam "SC Bechhofen"]
[BlackTeam "SK Freiburg-Zähringen 1887 e.V."]

1. e4 e5 2. Nf3 Nc6 3. Bc4 Bc5 4. d3 Nf6 5. O-O h6 6. Nc3 O-O 7. Qe2 d6 8. h3
Bd7 9. Be3 Qe7 10. Nd5 Nxd5 11. Bxd5 Nd4 12. Bxd4 exd4 13. Bxb7 Rab8 14. Bd5
Be6 15. Bxe6 Qxe6 16. b3 d5 17. Qd2 dxe4 18. dxe4 Qxe4 19. Qa5 Qd5 20. Qxc7 Bb6
21. Qg3 Rbc8 22. c4 Qe4 23. Rfe1 Qc2 24. Red1 Rfd8 25. Nh4 d3 26. Nf5 g6 27.
Ne7+ Kf8 28. Nxc8 Rxc8 29. Qxd3 Qxf2+ 30. Kh1 Rd8 31. Qf3 Qxf3 32. gxf3 Rxd1+
33. Rxd1 Bc5 34. Rd8+ Ke7 35. Rd5 Bb4 36. Kg2 f5 37. Kg3 Bd6+ 38. Kh4 Bb4 39.
Kg3 Bd6+ 40. f4 g5 41. Rxf5 Bxf4+ 42. Kf3 Ke6 43. Ra5 Bb8 44. Kg4 Kf6 45. h4
Bf4 46. hxg5+ hxg5 47. c5 Be3 48. c6 Bb6 49. Rf5+ Kg6 50. Rxg5+ Kh6 51. Kf5 Bd8
52. Rg2 a6 53. a4 a5 54. Rc2 Kg7 55. c7 Bf6 56. c8=Q Be7 57. Rc6 Kf7 58. Qe6+
Ke8 59. Rc8# 1-0

[Event "SF Paderborn 2000-SV Muldental Wilkau-Ha"]
[Site "?"]
[Date "2010.12.30"]
[Round "7.1"]
[White "Cozma, Diana"]
[Black "Höschen, Franziska"]
[Result "1-0"]
[WhiteElo "1258"]
[BlackElo "1306"]
[PlyCount "87"]
[EventDate "2010.??.??"]
[WhiteTeam "SV Muldental Wilkau-Haßlau"]
[BlackTeam "SF Paderborn 2000"]

1. e4 {[%emt 0:00:00]} c5 {[%eval 0,0] [%emt 0:00:00]} 2. Nf3 Nc6 3. d4 cxd4 4.
Nxd4 g6 5. Nc3 Bg7 6. Be3 Nf6 7. f3 d5 8. Bb5 Qd6 9. Qd2 O-O 10. O-O-O Nxd4 11.
Bxd4 dxe4 12. fxe4 Qc7 13. h3 Rd8 14. Qe3 a6 15. Ba4 Be6 16. Bb6 Rxd1+ 17. Rxd1
Qe5 18. Kb1 Nd5 19. exd5 Qxe3 20. Bxe3 Bf5 21. g4 Bxc3 22. bxc3 Be4 23. Bc5 Rc8
24. Bxe7 Bxd5 25. Rxd5 Rxc3 26. Bf6 Rc8 27. Bd7 Rb8 28. Re5 b5 29. h4 h6 30. h5
g5 31. Be7 Rb7 32. Bf5 Kg7 33. Be4 Rc7 34. Bd6 Rc8 35. Rf5 Rd8 36. Be5+ Kg8 37.
Rf6 Re8 38. Rf5 a5 39. Bd5 Re7 40. Bc3 a4 41. Rf6 Rc7 42. Rg6+ Kf8 43. Bb4+ Ke8
44. Bc6+ 1-0

[Event "SF Paderborn 2000-SV Muldental Wilkau-Ha"]
[Site "?"]
[Date "2010.12.30"]
[Round "7.2"]
[White "Bürger, Jessica"]
[Black "Simon, Tessa"]
[Result "1/2-1/2"]
[WhiteElo "1318"]
[BlackElo "1241"]
[PlyCount "56"]
[EventDate "2010.??.??"]
[WhiteTeam "SF Paderborn 2000"]
[BlackTeam "SV Muldental Wilkau-Haßlau"]

1. e4 e5 2. Nf3 d6 3. h3 Be7 4. Nc3 Nf6 5. Bc4 O-O 6. d3 a6 7. O-O c5 8. Be3 b5
9. Bb3 Bb7 10. a3 Nc6 11. Qe2 Nd4 12. Bxd4 exd4 13. Nd5 Nxd5 14. Bxd5 Bxd5 15.
exd5 Re8 16. Qd2 Qc7 17. c4 Qb7 18. Rfe1 Bf6 19. Qf4 Qc7 20. Rac1 Be5 21. Qg4
Qc8 22. Qxc8 Raxc8 23. Rc2 Bf6 24. Rce2 Rxe2 25. Rxe2 Kf8 26. Nd2 Re8 27. Ne4
Be5 28. Kf1 h6 1/2-1/2

[Event "SF Paderborn 2000-SV Muldental Wilkau-Ha"]
[Site "?"]
[Date "2010.12.30"]
[Round "7.3"]
[White "Fromm, Katja"]
[Black "Schrödter, Lisa"]
[Result "1/2-1/2"]
[WhiteElo "1251"]
[BlackElo "1132"]
[PlyCount "82"]
[EventDate "2010.??.??"]
[WhiteTeam "SV Muldental Wilkau-Haßlau"]
[BlackTeam "SF Paderborn 2000"]

1. d4 f5 2. c4 g6 3. Nc3 Nf6 4. Nf3 Bg7 5. Bf4 O-O 6. e3 d6 7. Be2 Nbd7 8. O-O
Nh5 9. Bg5 b6 10. Nd5 Nhf6 11. Nf4 e5 12. Ne6 Qe8 13. Nxc7 Qd8 14. Nxa8 Bb7 15.
Nxb6 Qxb6 16. dxe5 dxe5 17. Bxf6 Nxf6 18. Nxe5 Qxb2 19. Nd7 Nxd7 20. Qxd7 Qxe2
21. Rae1 Qb2 22. Rb1 Bc8 23. Qc7 Qxa2 24. Rb8 Qa6 25. Rd1 Bf6 26. h3 Be6 27.
Rxf8+ Kxf8 28. Rd6 Qa1+ 29. Kh2 Be5+ 30. f4 Bxd6 31. Qxd6+ Kf7 32. Qc7+ Kg8 33.
c5 Qa2 34. Qd8+ Kg7 35. c6 Bd5 36. Qe7+ Kh6 37. Qg5+ Kg7 38. c7 h6 39. Qg3 Bb7
40. h4 h5 41. Qg5 a5 1/2-1/2

[Event "SF Paderborn 2000-SV Muldental Wilkau-Ha"]
[Site "?"]
[Date "2010.12.30"]
[Round "7.4"]
[White "Thölke, Nina"]
[Black "Böhle, Annika"]
[Result "0-1"]
[WhiteElo "1054"]
[BlackElo "1166"]
[PlyCount "76"]
[EventDate "2010.??.??"]
[WhiteTeam "SF Paderborn 2000"]
[BlackTeam "SV Muldental Wilkau-Haßlau"]

1. e4 e5 2. Nf3 Nc6 3. Bc4 Nf6 4. d3 Bc5 5. h3 d6 6. Bg5 h6 7. Bh4 g5 8. Bg3
Qe7 9. O-O Be6 10. Nc3 O-O-O 11. Re1 g4 12. Nh2 gxh3 13. Bh4 Rdg8 14. g3 Nd4
15. Nb5 Nxb5 16. Bxb5 Rg6 17. Bc4 Bxc4 18. dxc4 Qe6 19. Qd3 Ng4 20. Nf3 Bxf2+
21. Kf1 Bxe1 22. Kxe1 h2 23. Ke2 Qd7 24. Qa3 a6 25. c5 d5 26. Rd1 d4 27. Nxh2
Nxh2 28. c3 Qg4+ 29. Ke1 Nf3+ 30. Kf1 Nxh4 31. Ke1 Qxg3+ 32. Kd2 Qf2+ 33. Kc1
Qe3+ 34. Kc2 Qxe4+ 35. Rd3 Rg2+ 36. Kc1 Qxd3 37. Qb3 Rg1+ 38. Qd1 Rxd1# 0-1

[Event "SV Schott Jena-SV 1932 Homburg-Erbach"]
[Site "?"]
[Date "2010.12.30"]
[Round "7.1"]
[White "Müller, Sophie"]
[Black "Petermann, Tessa"]
[Result "1/2-1/2"]
[WhiteElo "1283"]
[BlackElo "1313"]
[PlyCount "42"]
[EventDate "2010.??.??"]
[WhiteTeam "SV 1932 Homburg-Erbach"]
[BlackTeam "SV Schott Jena"]

1. d4 Nf6 2. Bf4 c5 3. e3 e6 4. Nf3 Nc6 5. Bd3 Be7 6. O-O O-O 7. Nbd2 d5 8. c3
Nh5 9. Bg3 Nxg3 10. fxg3 b6 11. Qc2 g6 12. e4 Rb8 13. exd5 exd5 14. Rae1 c4 15.
Be2 Bf5 16. Qc1 Bf6 17. Rf2 Rb7 18. Ref1 Be6 19. b3 b5 20. Qb1 Qc8 21. Bd1 a6
1/2-1/2

[Event "SV Schott Jena-SV 1932 Homburg-Erbach"]
[Site "?"]
[Date "2010.12.30"]
[Round "7.2"]
[White "Monossova, Maria"]
[Black "Boussonville, Anna"]
[Result "1/2-1/2"]
[WhiteElo "1367"]
[BlackElo "1023"]
[PlyCount "82"]
[EventDate "2010.??.??"]
[WhiteTeam "SV Schott Jena"]
[BlackTeam "SV 1932 Homburg-Erbach"]

1. d4 d5 2. Nf3 Nf6 3. e3 e6 4. Bd3 Bd6 5. Nbd2 O-O 6. O-O Bd7 7. Re1 a6 8. e4
dxe4 9. Nxe4 Nxe4 10. Rxe4 Re8 11. Rh4 h6 12. Bxh6 gxh6 13. Qd2 Qf6 14. Rxh6
Qg7 15. Rh7 Qf6 16. Re1 Bf4 17. Qc3 Bc6 18. Ne5 Bxe5 19. Rxe5 Kf8 20. Reh5 Ke7
21. R5h6 Qg5 22. Rg6 Qf4 23. Rgg7 Rf8 24. Qe1 Qxd4 25. Bf5 Bd7 26. c3 Qd5 27.
g4 Nc6 28. Be4 Qe5 29. g5 Nd8 30. h4 Bc6 31. f3 Bxe4 32. fxe4 c5 33. Qe3 b6 34.
Qf3 Ke8 35. g6 Qc7 36. h5 b5 37. Kg2 Rb8 38. Kh3 Rb6 39. e5 Rb7 40. Qf4 Qe7 41.
Kg4 c4 1/2-1/2